000 00343 a2200157 4500
001 168873
020 _a
040 _cMagnum
100 _aCoelho, Betty
240 1 0 _aContar historias: uma arte sem idade
_lpor
245 1 0 _aContar historias: uma arte sem idade
362 0 _a1899
440 1 _aÁtica
697 _aGERAL
942 _cBK
999 _c168873
_d168873